| 000 | 00415nam a22001697a 4500 | ||
|---|---|---|---|
| 003 | UA-OsUOA | ||
| 001 | 42984 | ||
| 007 | ta | ||
| 008 | 20061204b un ||||| |||| 00| 0 ukr d | ||
| 100 | _aКазанская В. Г. | ||
| 090 | _bК14 | ||
| 942 | _cBK | ||
| 040 |
_aUA-OsUOA _cUA-OsUOA _dUA-OsUOA |
||
| 245 | _aПодросток. Трудности взросления: Книга | ||
| 955 | _a2 | ||
| 650 | 7 | _2UDC | |
| 999 |
_c329111 _d329111 |
||